Statistics for Five Famous People by Last Name #3

Click here to take the quiz!

General Stats

  • This quiz has been taken 121 times
    (65 since last reset)
  • The average score is 17 of 30

Answer Stats

HintAnswer% Correct
Moonwalking pop legendMichael Jackson
100%
Sister of VenusSerena Williams
92%
Vice President to Joe BidenKamala Harris
88%
Peanut-farming PresidentJimmy Carter
86%
He both directed and
acted in "Annie Hall"
Woody Allen
80%
Was blamed for the "Nipplegate"Janet Jackson
78%
Good morning, Vietnam!!Robin Williams
78%
U.S. president and duelistAndrew Jackson
75%
"Pulp Fiction" star who is the
highest-grossing actor of all time
Samuel L.
Jackson
74%
Voice of Buzz LightyearTim Allen
74%
"Lord of the Rings" directorPeter Jackson
72%
Famously cool jazz trumpeterMiles Davis
68%
"Thelma and Louise" starGeena Davis
63%
Barney from "HIMYM"Neil Patrick Harris
60%
"A Streetcar Named Desire"Tennessee Williams
58%
English actress and frequent
Johnny Depp collaborator
Helena Bonham
Carter
55%
"All About Eve" actressBette Davis
52%
First to portray DumbledoreRichard Harris
51%
Portrayed Wonder WomanLynda Carter
49%
Scottish DJ of "Summer"Calvin Harris
48%
He portrayed Christof
in "The Truman Show"
Ed Harris
45%
"Your Cheatin' Heart"
country singer
Hank Williams
43%
Confederate PresidentJefferson Davis
42%
Microsoft co-founderPaul Allen
34%
Backstreet Boys memberNick Carter
32%
NBC news anchorBrian Williams
31%
Most recent person to
accomplish EGOT
Viola Davis
29%
Green Mountain Boys leaderEthan Allen
26%
Was Raptors' "Air Canada" starVince Carter
23%
Buffalo Bills starting QBJosh Allen
22%

Score Distribution

Percentile by Number Answered

Percent of People with Each Score

Your Score History

You have not taken this quiz since the last reset